[Event "World Blitz Women 2025"]
[Site "Doha QAT"]
[Date "2025.12.30"]
[Round "15.47"]
[White "Zherebtsova, Alexandra"]
[Black "Zhu, Chen"]
[Result "1/2-1/2"]
[WhiteTitle "FM"]
[BlackTitle "GM"]
[WhiteElo "2307"]
[BlackElo "2423"]
[WhiteFideId "24129518"]
[BlackFideId "8600546"]
[EventDate "2025.12.29"]

1. d4 d5 2. Bf4 c6 3. Nd2 Qb6 4. Nb3 a5 5. a4 Bf5 6. Nf3 Nd7 7. Nh4 Be6 8. e3 h6
9. Bg3 Ngf6 10. Bd3 Ne4 11. f3 Nxg3 12. hxg3 g5 13. Nf5 Bxf5 14. Bxf5 e6 15. Bd3
Bb4+ 16. Kf2 f5 17. f4 O-O-O 18. c3 Bd6 19. Rb1 Nf6 20. Nd2 Ng4+ 21. Ke2 c5 22.
Nf3 Rdg8 23. Qc1 Kb8 24. b3 Qc7 25. Ne5 Nxe5 26. dxe5 Be7 27. Kf2 Rg7 28. Rh2
Bd8 29. Qd2 Qb6 30. Qc2 Rg6 31. Rbh1 gxf4 32. gxf4 Rhg8 33. Bf1 Rh8 34. c4 d4
35. Qd3 Be7 36. Be2 dxe3+ 37. Qxe3 Qb4 38. Bf3 Rd8 39. Rxh6 Rxh6 40. Rxh6 Rd2+
41. Be2 Rb2 42. Rh3 Bd8 43. Qc3 Qxc3 44. Rxc3 Kc7 45. Ke3 Bh4 46. g4 fxg4 47.
Bxg4 Bf2+ 48. Kf3 Bd4 49. Rd3 Kd7 50. f5 exf5 51. Bxf5+ Ke7 52. Ke4 Rf2 53. Bc8
b6 54. Rh3 Re2+ 55. Kd3 Rxe5 56. Bb7 1/2-1/2

[Event "World Blitz Women 2025"]
[Site "Doha QAT"]
[Date "2025.12.30"]
[Round "15.48"]
[White "Rudzinska, Michalina"]
[Black "Khotenashvili, Bella"]
[Result "1-0"]
[WhiteTitle "WGM"]
[BlackTitle "GM"]
[WhiteElo "2206"]
[BlackElo "2426"]
[WhiteFideId "1172883"]
[BlackFideId "13602640"]
[EventDate "2025.12.29"]

1. e4 g6 2. d4 Bg7 3. Nc3 c6 4. Nf3 d5 5. h3 Nh6 6. Bf4 dxe4 7. Nxe4 Qa5+ 8. c3
Qf5 9. Bxh6 Bxh6 10. Bd3 O-O 11. O-O Qd7 12. Re1 Qc7 13. Qc2 Nd7 14. Re2 a5 15.
Rae1 a4 16. Neg5 e6 17. h4 Ra5 18. b4 axb3 19. axb3 Rd5 20. c4 Rd6 21. Ne4 Bg7
22. Nxd6 Qxd6 23. h5 Nf6 24. hxg6 hxg6 25. Rd2 Bh6 26. Rde2 Kg7 27. Ne5 Qxd4 28.
Bxg6 Qh4 29. Bxf7 Qg5 30. Qg6+ Qxg6 31. Bxg6 Rd8 32. Bc2 Rd4 33. Rd1 Rxd1+ 34.
Bxd1 1-0

[Event "World Blitz Women 2025"]
[Site "Doha QAT"]
[Date "2025.12.30"]
[Round "15.49"]
[White "Cori T., Deysi"]
[Black "Kairbekova, Amina"]
[Result "0-1"]
[WhiteTitle "IM"]
[BlackTitle "WGM"]
[WhiteElo "2349"]
[BlackElo "2353"]
[WhiteFideId "3801934"]
[BlackFideId "13712799"]
[EventDate "2025.12.29"]

1. Nf3 Nf6 2. g3 g6 3. b3 Bg7 4. Bb2 O-O 5. Bg2 c5 6. c4 d6 7. d4 d5 8. O-O cxd4
9. cxd5 Nxd5 10. Nxd4 Nb4 11. Na3 a6 12. Nc4 Qc7 13. Qd2 N4c6 14. Nxc6 Nxc6 15.
Bxg7 Kxg7 16. Rac1 Bd7 17. Qe3 Rad8 18. f4 f6 19. Nb6 Qd6 20. Rfd1 Qe6 21. Qf2
Bc8 22. Bd5 Qg4 23. Qe3 e6 24. Bf3 Qf5 25. g4 Qb5 26. Nxc8 Rxc8 27. Rd7+ Kh8 28.
Qxe6 Nd4 29. Qe7 Qxd7 30. Qxd7 Nxf3+ 31. exf3 Rxc1+ 32. Kf2 b5 33. Qd6 Rfc8 34.
Qxf6+ Kg8 35. Qe6+ Kg7 36. Qxa6 R8c2+ 37. Ke3 Rc3+ 38. Kd4 b4 39. g5 Rd1+ 40.
Ke4 Rc2 41. Qa7+ Kg8 42. Qb8+ Kg7 43. Qxb4 Re2# 0-1

[Event "World Blitz Women 2025"]
[Site "Doha QAT"]
[Date "2025.12.30"]
[Round "15.50"]
[White "Balajayeva, Khanim"]
[Black "Serikbay, Assel"]
[Result "1-0"]
[WhiteTitle "IM"]
[BlackTitle "WIM"]
[WhiteElo "2351"]
[BlackElo "2221"]
[WhiteFideId "13406396"]
[BlackFideId "13706799"]
[EventDate "2025.12.29"]

1. e4 c5 2. Nf3 e6 3. d4 cxd4 4. Nxd4 a6 5. Nc3 b5 6. Bd3 Bb7 7. Qf3 Nf6 8. Bg5
Be7 9. O-O-O h6 10. Be3 b4 11. Nce2 Qc7 12. Kb1 d6 13. Qg3 g6 14. f3 Nbd7 15.
Nxe6 fxe6 16. Qxg6+ Kd8 17. Nf4 Nf8 18. Qf7 Rh7 19. Nxe6+ Nxe6 20. Qxe6 Bc8 21.
Qb3 Rh8 22. e5 Nd7 23. exd6 Bxd6 24. Be4 Rb8 25. Qe6 Be5 26. Bxh6 Rb6 27. Bg5+ 1-0

[Event "World Blitz Women 2025"]
[Site "Doha QAT"]
[Date "2025.12.30"]
[Round "15.51"]
[White "Rakshitta, Ravi"]
[Black "Parnali, S Dharia"]
[Result "1/2-1/2"]
[WhiteTitle "WGM"]
[BlackTitle "WIM"]
[WhiteElo "2381"]
[BlackElo "2150"]
[WhiteFideId "25073230"]
[BlackFideId "5043131"]
[EventDate "2025.12.29"]

1. e4 e5 2. Nf3 Nc6 3. d4 exd4 4. Bc4 Nf6 5. e5 d5 6. Bb5 Ne4 7. Nxd4 Bd7 8.
Bxc6 bxc6 9. O-O Bc5 10. f3 Ng5 11. f4 Ne4 12. Be3 Bb6 13. Nc3 Nxc3 14. bxc3 c5
15. Nf3 Bg4 16. h3 Bf5 17. a4 a5 18. Qd2 Qd7 19. Rfd1 c6 20. Rab1 Ba7 21. Qf2
O-O 22. Rb2 Rab8 23. Rdb1 Rxb2 24. Rxb2 Qe7 25. g4 Be4 26. Nd2 f5 27. exf6 Rxf6
28. Nxe4 Qxe4 29. Rb7 Rf7 30. Rxf7 Kxf7 31. Bxc5 Bxc5 32. Qxc5 Qxa4 33. Qd6 Qxc2
34. Qd7+ Kf8 35. Qd8+ Kf7 36. Qd7+ Kf8 37. Qd8+ Kf7 1/2-1/2

[Event "World Blitz Women 2025"]
[Site "Doha QAT"]
[Date "2025.12.30"]
[Round "15.52"]
[White "Savitha, Shri B"]
[Black "Lyutsinger, Iren"]
[Result "0-1"]
[WhiteTitle "IM"]
[BlackTitle "FM"]
[WhiteElo "2334"]
[BlackElo "2169"]
[WhiteFideId "35061887"]
[BlackFideId "34425969"]
[EventDate "2025.12.29"]

1. e4 c5 2. Nf3 a6 3. c4 Nc6 4. Nc3 Nf6 5. d4 cxd4 6. Nxd4 e5 7. Nc2 Bc5 8. Be2
h6 9. O-O O-O 10. Be3 d6 11. h3 Be6 12. Rc1 Rc8 13. a3 Bxe3 14. Nxe3 Nd4 15.
Ned5 Bxd5 16. cxd5 Qb6 17. b4 Nxe4 18. Na4 Qa7 19. Qd3 f5 20. Nb2 b5 21. Bh5 Qb7
22. f3 Rxc1 23. Rxc1 Ng3 0-1

[Event "World Blitz Women 2025"]
[Site "Doha QAT"]
[Date "2025.12.30"]
[Round "15.53"]
[White "Aydin, Gulenay"]
[Black "Shubenkova, Veronika"]
[Result "0-1"]
[WhiteTitle "WIM"]
[BlackTitle "WFM"]
[WhiteElo "2259"]
[BlackElo "2013"]
[WhiteFideId "34557431"]
[BlackFideId "44124040"]
[EventDate "2025.12.29"]

1. e4 e6 2. d4 d5 3. Nd2 dxe4 4. Nxe4 Nd7 5. Nf3 Ngf6 6. Nxf6+ Nxf6 7. Bd3 Be7
8. O-O O-O 9. b3 b6 10. Bb2 Bb7 11. c4 a5 12. Ne5 c5 13. dxc5 Bxc5 14. Qe2 a4
15. Bc3 Qe7 16. Ng4 Nxg4 17. Qxg4 f5 18. Qf4 Bd6 19. Qd4 e5 20. Qxb6 Bc5 21. Qb5
Rab8 22. b4 Qg5 23. g3 Qg4 24. Rfd1 Qf3 25. Kf1 Qxf2# 0-1

[Event "World Blitz Women 2025"]
[Site "Doha QAT"]
[Date "2025.12.30"]
[Round "15.54"]
[White "Mikheeva, Galina"]
[Black "Mamedjarova, Zeinab"]
[Result "1/2-1/2"]
[WhiteTitle "FM"]
[BlackTitle "WGM"]
[WhiteElo "2122"]
[BlackElo "2155"]
[WhiteFideId "44108320"]
[BlackFideId "13401521"]
[EventDate "2025.12.29"]

1. e4 d5 2. exd5 Qxd5 3. Nc3 Qd8 4. d4 Nf6 5. Bc4 e6 6. Nf3 Be7 7. O-O O-O 8.
Re1 c6 9. Bf4 Nbd7 10. h3 Nb6 11. Bd3 Nbd5 12. Nxd5 exd5 13. Ne5 a5 14. a4 Ne4
15. Bxe4 dxe4 16. Rxe4 Be6 17. c3 Qd5 18. Re3 Rfe8 19. c4 Qd8 20. Qd3 Qb6 21. b3
Rad8 22. Rd1 Qb4 23. Nf3 h6 24. Be5 b5 25. axb5 cxb5 26. d5 bxc4 27. bxc4 Bc5
28. Re2 a4 29. Qc2 Bd7 30. Rb1 Qa5 31. Ree1 a3 32. Bc3 Qa7 33. Ra1 Ba4 34. Qd2
Bb3 35. Ne5 Qc7 36. Nc6 Ra8 37. Rxe8+ Rxe8 38. Bb4 Qd6 39. Bxc5 Qxc5 40. Qd4
Qxd4 41. Nxd4 Bxc4 42. d6 a2 43. Nc6 Be6 44. Ne5 Rb8 45. d7 Rb1+ 46. Kh2 Bxd7
47. Rxa2 Be6 48. Ra8+ Kh7 49. Nf3 Bd5 50. Ra3 Rb2 51. Kg3 f6 52. Nd4 g5 53. Rc3
Kg6 54. Rc2 Rb1 55. h4 gxh4+ 56. Kxh4 Bxg2 57. Kg3 Be4 58. Rc8 Rd1 59. Ne6 Bf5
60. Nf4+ Kf7 61. Rc7+ Kg8 62. Nh5 Rd6 63. Rg7+ Kf8 64. Rc7 Bg6 65. Nf4 Bf7 66.
Kh4 Rd4 67. Kg3 Rd1 68. Ra7 Rg1+ 69. Kf3 h5 70. Ke3 h4 71. Ra5 Rh1 72. Kf3 Rc1
73. Kg4 Rc4 74. Ra7 h3 75. Ra1 Bd5 76. Kg3 Rc3+ 77. Kh2 Rf3 78. Nxd5 Rxf2+ 79.
Kxh3 Rd2 80. Nxf6 Kf7 81. Ng4 Rd3+ 82. Kh4 Rd4 83. Kg5 Rd2 84. Ra5 Ke7 85. Kf5
Kd6 86. Nf6 Rf2+ 87. Kg6 Rg2+ 88. Kf7 Kc6 89. Rd5 Rf2 90. Rd3 Kc5 91. Rd5+ Kc4
92. Rd8 Rf1 93. Ke6 Re1+ 94. Kf5 Rf1+ 95. Ke5 Re1+ 96. Ne4 Kb5 97. Rc8 Kb6 98.
Rc2 Kb7 99. Kd5 Rd1+ 100. Ke5 Re1 101. Rd2 Kc6 102. Rd6+ Kc7 103. Rd4 Kc6 104.
Rc4+ Kd7 105. Kd5 Rd1+ 106. Ke5 Kd8 107. Ke6 Re1 108. Kd6 Rd1+ 109. Ke6 Re1 110.
Rd4+ Kc7 111. Rc4+ Kb6 112. Kd6 Kb5 113. Rd4 Ka5 114. Nc3 Kb6 115. Rb4+ Ka7 116.
Nd5 Rd1 117. Rb2 Ka6 118. Rb3 Ka5 119. Rb8 Ka4 120. Kc5 Rc1+ 121. Kd4 Rd1+ 122.
Kc4 Ka3 123. Nc3 Rd4+ 124. Kc5 Rc4+ 125. Kxc4 1/2-1/2

[Event "World Blitz Women 2025"]
[Site "Doha QAT"]
[Date "2025.12.30"]
[Round "15.55"]
[White "Gu, Xiaobing"]
[Black "Dwilewicz, Katarzyna"]
[Result "0-1"]
[WhiteTitle "WGM"]
[BlackTitle "WFM"]
[WhiteElo "2106"]
[BlackElo "2185"]
[WhiteFideId "8602611"]
[BlackFideId "1148486"]
[EventDate "2025.12.29"]

1. e4 c5 2. Nc3 a6 3. Nf3 e6 4. d4 cxd4 5. Nxd4 Nc6 6. Be3 Qc7 7. f4 b5 8. a3
Bb7 9. Bd3 Rc8 10. Nxc6 Qxc6 11. O-O Bc5 12. Qe2 Nf6 13. Rae1 O-O 14. Bxc5 Qxc5+
15. Kh1 d5 16. e5 Ne4 17. Rf3 g6 18. Bxe4 dxe4 19. Re3 Rfd8 20. h4 h5 21. g4
hxg4 22. Qxg4 Rd2 23. h5 Kg7 24. Qg5 Rh8 25. Rh3 e3+ 26. Kg1 Rg2+ 27. Qxg2 Bxg2
28. Kxg2 Rxh5 29. Rhxe3 Qd4 30. Ne4 Qxb2 31. Rc3 g5 32. Nf6 Qxc3 33. Nxh5+ Kg6
34. Rh1 Qxc2+ 35. Kf3 Qc6+ 0-1

[Event "World Blitz Women 2025"]
[Site "Doha QAT"]
[Date "2025.12.30"]
[Round "15.56"]
[White "Karimova, Guldona"]
[Black "Zhang, Lanlin"]
[Result "0-1"]
[WhiteTitle "WIM"]
[BlackTitle "WIM"]
[WhiteElo "2288"]
[BlackElo "2291"]
[WhiteFideId "14210410"]
[BlackFideId "8608032"]
[EventDate "2025.12.29"]

1. e4 c5 2. Nf3 d6 3. d4 cxd4 4. Nxd4 Nf6 5. Nc3 a6 6. f3 e5 7. Nb3 h5 8. Be3
Be6 9. Nd5 Bxd5 10. exd5 Nbd7 11. Qd2 g6 12. O-O-O Bg7 13. Kb1 Qc7 14. Qf2 b5
15. Rg1 Rc8 16. g4 hxg4 17. fxg4 Ne4 18. Qe2 Nec5 19. Nxc5 Nxc5 20. g5 Na4 21.
Rg4 O-O 22. Re4 Qd7 23. Qg4 Qc7 24. Bd3 a5 25. h4 b4 26. Rc4 Qb7 27. b3 Nc3+ 28.
Kc1 Nxd1 29. Kxd1 Rxc4 30. bxc4 Qc8 31. Qg3 e4 32. Bxe4 Qxc4 33. Qf3 Re8 34. Bd3
Qxa2 35. h5 Qb1+ 36. Ke2 Bc3 37. Kf2 Qe1+ 38. Kg2 Qxe3 39. Qxe3 Rxe3 40. hxg6
Rxd3 0-1

[Event "World Blitz Women 2025"]
[Site "Doha QAT"]
[Date "2025.12.30"]
[Round "15.57"]
[White "Wafa, Shahenda"]
[Black "Mamedjarova, Turkan"]
[Result "0-1"]
[WhiteTitle "WGM"]
[BlackTitle "WGM"]
[WhiteElo "2074"]
[BlackElo "2216"]
[WhiteFideId "10609962"]
[BlackFideId "13402005"]
[EventDate "2025.12.29"]

1. e4 e5 2. Nf3 Nc6 3. Bb5 a6 4. Ba4 Nf6 5. d4 exd4 6. O-O Be7 7. e5 Nd5 8. c3
O-O 9. cxd4 d6 10. Bxc6 bxc6 11. Nc3 Bg4 12. h3 Bh5 13. Qd3 Nb4 14. Qe2 Qd7 15.
a3 Nd5 16. Ne4 Rfe8 17. Ng3 Bg6 18. Be3 a5 19. Rac1 Rab8 20. Rfd1 Rb7 21. Rd2
Reb8 22. Qa6 Rb6 23. Qxa5 h5 24. Bg5 Bxg5 25. Nxg5 Qe7 26. N5e4 h4 27. exd6 cxd6
28. Re2 hxg3 29. Nxg3 Qg5 30. Rce1 f6 31. b4 Nf4 32. Re7 Qxa5 33. bxa5 Ra6 34.
Rc7 Nd5 35. Rd7 Rxa5 36. Rxd6 Rxa3 37. Rxc6 Rab3 38. h4 Rb1 39. Rxb1 Rxb1+ 40.
Kh2 Rd1 41. h5 Bb1 42. Rc8+ Kf7 43. Rd8 Nf4 44. Rd7+ Kf8 45. Rd8+ Ke7 46. Rb8
Bc2 47. Rb7+ Kf8 48. Rb8+ Kf7 49. Rb7+ Kg8 50. Rc7 Bb1 51. Rb7 Kh7 52. h6 Kxh6
53. Rb5 Bg6 54. Rb4 Nd3 55. Rb5 Nxf2 56. d5 Be8 57. Ra5 Ng4+ 58. Kh3 Bd7 59. d6
Rxd6 60. Rh5+ Kg6 61. Ra5 Be6 62. Rb5 Rd8 63. Ne2 Ne5+ 64. Kg3 Kf7 65. Nf4 Rd7
66. Ra5 g5 67. Ne2 Bc4 68. Ng1 Rd3+ 69. Kf2 Ng4+ 70. Ke1 Rb3 71. Ra7+ Kg6 72.
Nf3 Ne5 73. Nd2 Re3+ 74. Kd1 Be6 75. Re7 Bg4+ 76. Kc2 Re2 77. Kc3 Rxg2 78. Ne4
Re2 79. Nd6 Re3+ 80. Kd2 Rd3+ 81. Kc2 Rxd6 82. Kc3 Bf3 83. Ra7 g4 84. Ra8 Kf5
85. Rg8 Kf4 86. Kc2 g3 87. Kc3 g2 88. Kc2 Ng4 89. Rf8 g1=Q 90. Rc8 Qf2+ 91. Kc3
Qd4+ 0-1

[Event "World Blitz Women 2025"]
[Site "Doha QAT"]
[Date "2025.12.30"]
[Round "15.58"]
[White "Lesbekova, Assel"]
[Black "Beydullayeva, Govhar"]
[Result "0-1"]
[WhiteTitle "WCM"]
[BlackTitle "WGM"]
[WhiteElo "1948"]
[BlackElo "2364"]
[WhiteFideId "13713248"]
[BlackFideId "13413015"]
[EventDate "2025.12.29"]

1. e4 c5 2. Nf3 d6 3. Bb5+ Bd7 4. Bxd7+ Nxd7 5. O-O e6 6. b3 Be7 7. Bb2 Bf6 8.
Bxf6 Ngxf6 9. Re1 O-O 10. d4 cxd4 11. Qxd4 d5 12. exd5 Nxd5 13. Nc3 Nxc3 14.
Qxc3 Rc8 15. Qd2 Nc5 16. Qxd8 Rfxd8 17. Rad1 Kf8 18. c4 Nd3 19. Re2 Nb4 20. Red2
Ke7 21. Rxd8 Rxd8 22. Rxd8 Kxd8 23. a3 Nc2 24. a4 Kc7 25. Kf1 Kb6 26. Ke2 Na1
27. Ng5 Nxb3 28. Nxh7 Nc5 29. h4 f6 30. Nf8 Kc7 31. a5 Kd6 32. g4 Ke7 33. Ng6+
Kf7 34. h5 Nb3 35. a6 bxa6 36. Kd3 e5 37. Nh4 Nd4 38. c5 Ke6 39. Ng6 a5 40. Kc4
a6 41. f4 Nc6 42. fxe5 Nxe5+ 43. Nxe5 Kxe5 44. Kc3 Kd5 45. Kb3 Kxc5 46. Ka4 Kb6 0-1

[Event "World Blitz Women 2025"]
[Site "Doha QAT"]
[Date "2025.12.30"]
[Round "15.59"]
[White "Yakubbaeva, Nilufar"]
[Black "Jimenez Fernandez, Rebeca"]
[Result "1-0"]
[WhiteTitle "WGM"]
[BlackTitle "WFM"]
[WhiteElo "2229"]
[BlackElo "2137"]
[WhiteFideId "14204487"]
[BlackFideId "32070934"]
[EventDate "2025.12.29"]

1. d4 Nf6 2. Nf3 d5 3. e3 c5 4. b3 cxd4 5. exd4 Nc6 6. Bb2 Bg4 7. h3 Bh5 8. a3
e6 9. Bd3 Bd6 10. O-O O-O 11. c4 dxc4 12. bxc4 Bc7 13. Be2 Qd6 14. g3 Rfd8 15.
Nbd2 Bg6 16. Qb3 Nh5 17. c5 Qd7 18. Nc4 Qd5 19. Qe3 Be4 20. Ncd2 Nf6 21. Bc4 Qf5
22. Nh4 Qxh3 23. Nxe4 Nxe4 24. Qxe4 Bxg3 25. fxg3 Qxg3+ 26. Ng2 Ne7 27. Qf3 Qg6
28. Bd3 Nf5 29. Bxf5 exf5 30. Qxf5 Qg3 31. Rf3 Qc7 32. Raf1 Rf8 33. Kh1 Rad8 34.
Qg4 Rd5 35. Rf5 Rd7 36. d5 f6 37. Rxf6 Rxf6 38. Rxf6 Qxc5 39. Qe6+ 1-0

[Event "World Blitz Women 2025"]
[Site "Doha QAT"]
[Date "2025.12.30"]
[Round "15.60"]
[White "Machlik, Monika"]
[Black "Zvereva, Marija"]
[Result "0-1"]
[BlackTitle "WIM"]
[WhiteElo "2084"]
[BlackElo "2007"]
[WhiteFideId "1513621"]
[BlackFideId "4121082"]
[EventDate "2025.12.29"]

1. d4 Nf6 2. c4 d6 3. Nf3 Nbd7 4. Nc3 e5 5. Bg5 Be7 6. e3 h6 7. Bh4 O-O 8. Be2
c6 9. O-O e4 10. Nd2 d5 11. Rb1 Nb6 12. b4 Bf5 13. b5 Qd7 14. bxc6 bxc6 15. cxd5
cxd5 16. Bb5 Qc7 17. Rc1 Qb7 18. Qb3 a6 19. Be2 Rfe8 20. Na4 Bd8 21. Rb1 g5 22.
Nxb6 gxh4 23. Nxd5 Qxd5 24. Bc4 Qd7 25. Rfc1 Ba5 26. Qd1 Rab8 27. Nb3 Bc7 28.
Nc5 Qd6 29. g3 hxg3 30. hxg3 Bg4 31. Qf1 Kg7 32. Rxb8 Rxb8 33. Nxa6 Rc8 34. Nc5
h5 35. Qg2 Re8 36. Bb3 h4 37. gxh4 Kh6 38. Bxf7 Re7 39. Bb3 Rg7 40. Kf1 Be2+ 41.
Kxe2 Rxg2 42. Ne6 Ba5 43. Nf4 Rh2 44. Rc8 Qb4 45. Be6 Qe1# 0-1

[Event "World Blitz Women 2025"]
[Site "Doha QAT"]
[Date "2025.12.30"]
[Round "15.61"]
[White "Miranda Rodriguez, Tania"]
[Black "Rouda Essa, Alserkal"]
[Result "1-0"]
[WhiteTitle "WIM"]
[BlackTitle "WGM"]
[WhiteElo "2051"]
[BlackElo "2052"]
[WhiteFideId "3510417"]
[BlackFideId "9314318"]
[EventDate "2025.12.29"]

1. e4 e5 2. Nf3 Nc6 3. Bb5 a6 4. Ba4 Nf6 5. O-O Be7 6. Re1 b5 7. Bb3 O-O 8. h3
d6 9. c3 Na5 10. Bc2 c5 11. d4 Qc7 12. d5 Bd7 13. b3 Nb7 14. Nbd2 a5 15. a4 bxa4
16. bxa4 c4 17. Ba3 Rfc8 18. Nxe5 Bxa4 19. Bxa4 dxe5 20. Bc6 Bxa3 21. Rxa3 Rab8
22. Nxc4 Nd7 23. Bxd7 Qxd7 24. Nb6 Qd6 25. Nxc8 Qxa3 26. Na7 Qxc3 27. Nc6 Re8
28. Re3 Qc5 29. Qa1 Nd6 30. Qxa5 Qxa5 31. Nxa5 Ra8 32. Nc6 Ra4 33. f3 f6 34. Kf2
Kf7 35. Rb3 Ra2+ 36. Kg3 Kg6 37. Nd8 Nc4 38. Ne6 Re2 39. Rb7 Ne3 40. Rxg7+ Kh6
41. Kh2 Nf1+ 42. Kg1 Ne3 43. Rg3 Ra2 44. Nf8 Kh5 45. Rg8 Rf2 46. Kxf2 Nd1+ 47.
Ke2 Nc3+ 48. Kd3 Nb5 49. Nxh7 Nd4 50. Nxf6+ 1-0

[Event "World Blitz Women 2025"]
[Site "Doha QAT"]
[Date "2025.12.30"]
[Round "15.62"]
[White "Rodriguez Redondo, Adhara"]
[Black "Sharma, Isha"]
[Result "0-1"]
[WhiteTitle "WFM"]
[BlackTitle "WIM"]
[WhiteElo "2207"]
[BlackElo "2245"]
[WhiteFideId "32065698"]
[BlackFideId "35006665"]
[EventDate "2025.12.29"]

1. e4 e5 2. Nf3 Nc6 3. Bc4 Bc5 4. d3 Nf6 5. Be3 d6 6. Bxc5 dxc5 7. Bb5 Bg4 8.
Bxc6+ bxc6 9. Nbd2 O-O 10. O-O Re8 11. h3 Bh5 12. Qe2 Rb8 13. b3 Nd7 14. Qe3 f6
15. a4 Qe7 16. Nh4 Bg6 17. Qg3 Nf8 18. Nc4 Qf7 19. f4 exf4 20. Rxf4 Ne6 21. Rf2
Nd4 22. Raf1 Kh8 23. Kh1 Re6 24. Nxg6+ hxg6 25. Ne5 Qe8 26. Nxg6+ Kh7 27. Nf4
Re5 28. Rd2 Rg5 29. Qf2 Kg8 30. Ne2 Ne6 31. Ng3 Nd4 32. Nf5 Nxf5 33. exf5 Qe5
34. Re2 Qd5 35. Qf4 Rb4 36. Qxc7 Rh4 37. Qh2 Rxf5 38. Rxf5 Qxf5 39. Qg1 Rf4 40.
Re1 Rf2 41. c3 Rc2 42. Rf1 Qxd3 43. Rf3 Qe2 44. Kh2 Qxf3 45. Kh1 Qf4 46. Qd1 Rc1 0-1

[Event "World Blitz Women 2025"]
[Site "Doha QAT"]
[Date "2025.12.30"]
[Round "15.63"]
[White "Skaslien, Ingrid"]
[Black "Mgeladze, Kesaria"]
[Result "0-1"]
[BlackTitle "WIM"]
[WhiteElo "2029"]
[BlackElo "2195"]
[WhiteFideId "1520660"]
[BlackFideId "13621130"]
[EventDate "2025.12.29"]

1. d4 Nf6 2. c4 e6 3. Nc3 Bb4 4. e3 O-O 5. Bd3 d5 6. Bd2 dxc4 7. Bxc4 c5 8. Nf3
cxd4 9. exd4 Nc6 10. a3 Bd6 11. Bg5 h6 12. Bh4 Be7 13. O-O Nd5 14. Bg3 Bf6 15.
Ne4 Nb6 16. Nxf6+ Qxf6 17. Bb5 Rd8 18. Bxc6 bxc6 19. Be5 Qe7 20. Qc2 Ba6 21.
Rfe1 Bc4 22. Rad1 Bd5 23. Nd2 Rac8 24. Ne4 Nc4 25. Bg3 Qb7 26. Re2 Bxe4 27. Qxe4
Qb6 28. Qc2 Nd6 29. Be5 Nf5 30. Red2 f6 31. Bf4 Nxd4 32. Qc4 c5 33. b4 cxb4 34.
Qb3 Nxb3 0-1

[Event "World Blitz Women 2025"]
[Site "Doha QAT"]
[Date "2025.12.30"]
[Round "15.64"]
[White "Dimitrijevic, Aleksandra"]
[Black "Fawaz, Nadia"]
[Result "1-0"]
[WhiteTitle "WGM"]
[BlackTitle "WFM"]
[WhiteElo "2063"]
[BlackElo "1957"]
[WhiteFideId "929239"]
[BlackFideId "5309743"]
[EventDate "2025.12.29"]

1. d4 d5 2. c4 e6 3. Nf3 Nf6 4. g3 c5 5. cxd5 exd5 6. Bg2 Nc6 7. O-O Be7 8. Nc3
O-O 9. dxc5 Bxc5 10. Bg5 d4 11. Bxf6 Qxf6 12. Ne4 Qe7 13. Nxc5 Qxc5 14. Rc1 Qd6
15. a3 Be6 16. Qd3 h6 17. Rfd1 Rfd8 18. e3 Bg4 19. Qb3 Qf6 20. exd4 Bxf3 21.
Qxf3 Qxf3 22. Bxf3 Nxd4 23. Kg2 Nxf3 24. Kxf3 Rxd1 25. Rxd1 Kf8 26. Rd7 Rb8 27.
b4 a6 28. a4 Ke8 29. Rc7 b6 30. Ra7 a5 31. bxa5 bxa5 32. Rxa5 Rb3+ 33. Ke4 Ra3
34. Ra7 Ra1 35. h4 Re1+ 36. Kf4 Ra1 37. h5 Kf8 38. f3 Ke8 39. g4 Ra3 40. a5 g6
41. hxg6 fxg6 42. a6 g5+ 43. Ke4 Kd8 44. Ra8+ Kc7 45. a7 Kb7 46. Rh8 Rxa7 47.
Rxh6 Ra5 48. Rf6 Kc7 49. Rf5 Ra4+ 50. Ke5 Ra5+ 51. Kf6 Ra6+ 52. Kxg5 Kd7 53. Re5
Kd6 54. f4 Ra4 55. Kf5 Ra8 56. g5 Rf8+ 57. Kg4 Rg8 58. Re1 Ra8 59. f5 Ra4+ 60.
Kh5 Rf4 61. f6 Kd7 62. Kg6 Kd8 63. Kg7 1-0

[Event "World Blitz Women 2025"]
[Site "Doha QAT"]
[Date "2025.12.30"]
[Round "15.65"]
[White "Druzhinina, Olga"]
[Black "Abrar Mohammed Ahmad Almalki"]
[Result "1-0"]
[WhiteTitle "WFM"]
[WhiteElo "2175"]
[BlackElo "1826"]
[WhiteFideId "4141911"]
[BlackFideId "21543143"]
[EventDate "2025.12.29"]

1. e4 e6 2. d4 d5 3. e5 c5 4. c3 Nc6 5. Nf3 Qb6 6. Bd3 Bd7 7. O-O cxd4 8. Re1
dxc3 9. Nxc3 Be7 10. h4 Qd8 11. h5 h6 12. Bf4 f6 13. Bg6+ Kf8 14. exf6 Nxf6 15.
Rc1 Rc8 16. Ne5 Nxe5 17. Bxe5 Nh7 18. Qf3+ Bf6 19. Nxd5 exd5 20. Bd6+ Kg8 21.
Qxd5+ Be6 22. Qxe6# 1-0

[Event "World Blitz Women 2025"]
[Site "Doha QAT"]
[Date "2025.12.30"]
[Round "15.66"]
[White "Berikkyzy Alanna"]
[Black "Alsemairi, Dalia"]
[Result "1-0"]
[WhiteTitle "WFM"]
[BlackTitle "WCM"]
[WhiteElo "2241"]
[BlackElo "1802"]
[WhiteFideId "13780719"]
[BlackFideId "21511217"]
[EventDate "2025.12.29"]

1. e4 c6 2. Nf3 d5 3. Nc3 Bg4 4. h3 Bh5 5. d4 Nd7 6. e5 e6 7. Be2 Bxf3 8. Bxf3
Ne7 9. Ne2 Ng6 10. Ng3 Be7 11. O-O O-O 12. c3 c5 13. Be3 Rc8 14. Be2 cxd4 15.
cxd4 h6 16. Bd3 Qb6 17. b3 a6 18. f4 Bh4 19. Rf3 Bxg3 20. Rxg3 Ne7 21. Qg4 g6
22. Qh4 Nf5 23. Bxf5 exf5 24. Qxh6 Rc2 25. h4 Qc7 26. h5 Rc8 27. hxg6 Nf8 28.
gxf7+ Kxf7 29. Rg7+ Ke8 30. Rxc7 R8xc7 31. Qh5+ Kd8 32. Qxf5 Rg7 33. Qxf8+ Kc7
34. Qxg7+ Kb6 35. e6 1-0

[Event "World Blitz Women 2025"]
[Site "Doha QAT"]
[Date "2025.12.30"]
[Round "15.67"]
[White "Sawan, Eman"]
[Black "Echcharbiny, Wissal"]
[Result "1-0"]
[WhiteTitle "WFM"]
[WhiteElo "1960"]
[BlackElo "1726"]
[WhiteFideId "11511729"]
[BlackFideId "9014853"]
[EventDate "2025.12.29"]

1. e4 c6 2. Nf3 d5 3. Nc3 Bg4 4. h3 Bxf3 5. Qxf3 e6 6. d3 Nf6 7. Qe2 d4 8. Nb1
e5 9. g3 Nbd7 10. Bg2 Bd6 11. O-O O-O 12. Nd2 c5 13. Nc4 Bc7 14. a4 Re8 15. f4
b6 16. f5 a6 17. Bd2 b5 18. axb5 axb5 19. Na3 Qb8 20. g4 h6 21. h4 Nh7 22. g5
hxg5 23. hxg5 Bd8 24. Qh5 Qb6 25. Rf3 Ndf8 26. Raf1 g6 27. Qh4 gxf5 28. exf5 Ra6
29. f6 Ng6 30. Qh6 Ngf8 31. Qg7# 1-0